Living Children of US Presidents Quiz Stats

Quiz Updated Oct 17, 2017

Challenge
Share
Tweet
Embed
Score 0/31 Timer 06:00
3 Plays Today
President Child % Correct
George H.W. BushGeorge W. Bush
89.9%
Donald TrumpIvanka Trump
88%
Donald TrumpDonald Trump Jr.
87.9%
Bill ClintonChelsea Clinton
87.7%
George H.W. BushJohn 'Jeb' Bush
86.2%
Barack ObamaMalia Obama
81.5%
Barack ObamaNatasha Obama
76.1%
Donald TrumpBarron Trump
72.9%
John F. KennedyCaroline Kennedy
67.9%
Ronald ReaganRonald Reagan
67.3%
Donald TrumpEric Trump
65.9%
George W. BushBarbara Bush
62.9%
George W. BushJenna Bush Hager
60.2%
Donald TrumpTiffany Trump
58.2%
Gerald FordJohn Ford
54.3%
Jimmy CarterJohn Carter
54.3%
President Child % Correct
Richard M. NixonPatricia Nixon Cox
52.5%
Jimmy CarterAmy Carter
48.1%
Jimmy CarterJames Earl Carter III
48.1%
Gerald FordMichael Ford
38.2%
Ronald ReaganMichael Reagan
38.2%
Gerald FordSusan Ford Bales
26.1%
Lyndon B. JohnsonLynda Bird Johnson Robb
26.1%
Richard M. NixonJulie Nixon Eisenhower
25.9%
Ronald ReaganPatti Davis
23.4%
Lyndon B. JohnsonLuci Baines Johnson
22.2%
Gerald FordSteven Ford
20.5%
George H.W. BushNeil Bush
20.3%
George H.W. BushDorothy Bush Koch
17%
George H.W. BushMarvin Bush
12.5%
Jimmy CarterJeffrey Carter
11.9%

You're not logged in!

Compare scores with friends on all Sporcle quizzes.
Join for Free
OR
Log In

You Might Also Like...

Show Comments

Extras

Top Quizzes Today


Score Distribution

Your Account Isn't Verified!

In order to create a playlist on Sporcle, you need to verify the email address you used during registration. Go to your Sporcle Settings to finish the process.

Report this User

Report this user for behavior that violates our Community Guidelines.

Details: